| 000 | 00556nam a22001937a 4500 | ||
|---|---|---|---|
| 003 | BUBTL | ||
| 008 | 230327b ||||| |||| 00| 0 eng d | ||
| 082 | _a346.004/ Ah511e/ 2008 | ||
| 100 |
_92476 _aAhmad, Aqil |
||
| 245 |
_aEquity Trust, Mortgage & Specific Relief Act : _bAqil Ahmad |
||
| 250 | _a4th edn. | ||
| 260 |
_aAllahabad _bCentral Law Agency _cc2008 |
||
| 300 |
_a[xv], 150p. : _b21 cm. |
||
| 650 | 0 |
_92102 _aLaw |
|
| 700 |
_92476 _aAhmad, Aqil |
||
| 856 |
_k0 _l0 _yDownload |
||
| 942 |
_2ddc _cBK |
||
| 999 |
_c7004 _d7004 |
||